[Event "Commonwealth-ch"]
[Site "Nagpur"]
[Date "2008.10.02"]
[Round "6"]
[White "Gurpreet, Singh Maras"]
[Black "Sree, Lakshmi V"]
[Result "1-0"]
[WhiteElo "2187"]
[BlackElo "1921"]
[PlyCount "84"]
[EventDate "2008.09.28"]
[EventType "swiss"]
[EventRounds "11"]
[EventCountry "IND"]
[SourceTitle "CBM 126 Extra"]
[Source "ChessBase"]
[SourceDate "2008.11.05"]
[SourceVersion "1"]
[SourceVersionDate "2008.11.05"]
[SourceQuality "1"]

1. e4 c5 2. Nc3 e6 3. g3 Nc6 4. Bg2 a6 5. d3 Nf6 6. h3 Be7 7. f4 d6 8. Nf3 Qc7 9. 0-0 Rb8 10. g4 g6 11. Ne2 d5 12. e5 Nd7 13. c3 h5 14. d4 hxg4 15. hxg4 Nb6 16. b3 c4 17. b4 Bd7 18. a4 Na7 19. Kf2 Bc6 20. a5 Na8 21. Rh1 Kd7 22. f5 Rbg8 23. Rxh8 Rxh8 24. fxg6 fxg6 25. Nf4 Nb5 26. Qc2 Rg8 27. Bd2 Qd8 28. Nxg6 Qe8 29. Nxe7 Qxe7 30. g5 Nac7 31. Rh1 Ne8 32. Rh7 Ng7 33. Qg6 Kd8 34. Bh3 Be8 35. Qf6 Bh5 36. g6 Bxf3 37. Bg5 Qxf6 38. Bxf6+ Ke8 39. Bxg7 Rxg7 40. Rxg7 Be4 41. Rxb7 Nxc3 42. g7 Bh7 1-0